Completa il nome del Videogioco - Statistics

Statistiche generali
  • Questo quiz è stato fatto 173 volte
  • Il punteggio medio è 27 su 37
Statistiche sulle risposte
Hint Risposta % Corretto
Assassin's Creed
99%
Candy Crush Saga
98%
Angry Birds
97%
Clash of Clans
94%
Fruit Ninja
93%
Call of Duty
92%
Brawl Stars
90%
Animal Crossing
88%
Resident Evil
87%
The Last of Us
87%
The Legend of Zelda
87%
Subway Surfers
85%
Super Mario Bros.
84%
Tomb Raider
84%
Grand Theft Auto
84%
Temple Run
81%
Red Dead Redemption
79%
Need for Speed
78%
Hogwarts Legacy
77%
God of War
77%
Plants vs. Zombies
75%
Far Cry
73%
Elden Ring
71%
Cyberpunk 2077
68%
Metal Gear Solid
68%
Hill Climb Racing
66%
Watch Dogs
65%
Forza Horizon
61%
Until Dawn
58%
Monster Hunter
57%
Jetpack Joyride
57%
Mass Effect
53%
Half Life
47%
Horizon Zero Dawn
42%
Ghost of Tsushima
41%
Max Payne
40%
The Elder Scrolls
36%
Nessun quiz corrispondente trovato
Distribuzione punteggi
Percentuale di utenti per punteggio
Percentile per numero di risposta
I tuoi punteggi nel tempo
Non hai fatto questo quiz